How silicon valley unleashed techno-feudalism : (Record no. 4825)

MARC details
000 -CABECERA
campo de control de longitud fija 02537cam a2200373 i 4500
001 - NÚMERO DE CONTROL
campo de control 991107405145306196
005 - FECHA Y HORA DE LA ÚLTIMA TRANSACCIÓN
campo de control 20250703144746.0
008 - DATOS DE LONGITUD FIJA--INFORMACIÓN GENERAL
campo de control de longitud fija 240422t20242024enka g b 001 0 eng d
010 ## - NÚMERO DE CONTROL DE LA BIBLIOTECA DEL CONGRESO
Número de control de LC 2024016823
020 ## - NÚMERO INTERNACIONAL ESTÁNDAR DEL LIBRO
Número Internacional Estándar del Libro 9781804294383
035 ## - NÚMERO DE CONTROL DEL SISTEMA
Número de control de sistema (OCoLC)1433994333
035 ## - NÚMERO DE CONTROL DEL SISTEMA
Número de control de sistema (OCoLC)on1433994333
040 ## - FUENTE DE LA CATALOGACIÓN
Centro catalogador/agencia de origen DLC
Lengua de catalogación eng
Normas de descripción rda
Centro/agencia transcriptor DLC
Centro/agencia modificador BDX
-- OCLCO
-- GO6
-- OCLCO
-- YDX
-- CLE
-- OCLCO
-- CaOTSTM
041 1# - CÓDIGO DE LENGUA
Código de lengua del texto/banda sonora o título independiente eng
041 1# - CÓDIGO DE LENGUA
Código de lengua original fre
042 ## - CÓDIGO DE AUTENTICACIÓN
Código de autenticación pcc
050 #4 - SIGNATURA TOPOGRÁFICA DE LA BIBLIOTECA DEL CONGRESO
Número de clasificación HC79.I55
Número de documento/Ítem D87413 2024
100 ## - ENTRADA PRINCIPAL--NOMBRE DE PERSONA
Nombre de persona Durand, Cédric
Término indicativo de función/relación author
9 (RLIN) 25671
240 10 - TÍTULO UNIFORME
Título uniforme Technoféodalisme.
Lenguaje de la obra English
245 10 - MENCIÓN DE TÍTULO
Título How silicon valley unleashed techno-feudalism :
Resto del título the making of the digital economy /
Mención de responsabilidad, etc. Cédric Durand ; translated by David Broder.
250 ## - MENCIÓN DE EDICIÓN
Mención de edición English-language edition.
260 ## - PUBLICACIÓN, DISTRIBUCIÓN, ETC.
Lugar de publicación, distribución, etc. London ;
-- Brooklyn, NY :
Nombre del editor, distribuidor, etc. Verso,
Fecha de publicación, distribución, etc. 2024.
300 ## - DESCRIPCIÓN FÍSICA
Extensión ix, 230 pages :
Otras características físicas illustrations ;
Dimensiones 22 cm
504 ## - NOTA DE BIBLIOGRAFÍA, ETC.
Nota de bibliografía, etc. Includes bibliographical references and index.
505 0# - NOTA DE CONTENIDO CON FORMATO
Nota de contenido con formato 1. The Poverty of the Californian Ideology — 2. On Digital Domination — 3. The Rentier Class of the Intangible World — 4. The ‘Techno-Feudal’ Hypothesis — Conclusion : Fortunes and Misfortunes of Socialisation.
520 ## - SUMARIO, ETC.
Sumario, etc. The rise of the IT industry in the nineties promised a new era of freedom and prosperity. It didn’t deliver. Certainly, algorithms are everywhere, but capitalism is no more civilised than ever. In fact, in the hands of private corporations, the digitalisation of the world drives us towards a darker future. The return of monopolies, the dominance of a few platforms, the blurred distinction between the economic and the political all epitomise a systemic mutation. Information and data networks push the digital economy in the direction of the feudal logic of rent, dispossession, and personal domination. How Silicon Valley Unleashed Techno-feudalism offers a fresh genealogy of the Silicon Valley consensus and its contradictions. It disentangles the principles of an emerging systemwide rationale. Large firms compete in cyberspace to gain control over data, and ordinary people are increasingly at the mercy of tech giants. In this new economic order, capital is moving away from production to focus on predation.
546 ## - NOTA DE LENGUA/LENGUAJE
Nota de lengua/lenguaje In English, translated from the French.
650 #0 - PUNTO DE ACCESO ADICIONAL DE MATERIA--TÉRMINO DE MATERIA
Término de materia o nombre geográfico como elemento de entrada Information technology
Subdivisión general Economic aspects
9 (RLIN) 12278
650 #0 - PUNTO DE ACCESO ADICIONAL DE MATERIA--TÉRMINO DE MATERIA
Término de materia o nombre geográfico como elemento de entrada Knowledge economy
9 (RLIN) 25672
650 #0 - PUNTO DE ACCESO ADICIONAL DE MATERIA--TÉRMINO DE MATERIA
Término de materia o nombre geográfico como elemento de entrada Electronic commerce
9 (RLIN) 1263
650 #0 - PUNTO DE ACCESO ADICIONAL DE MATERIA--TÉRMINO DE MATERIA
Término de materia o nombre geográfico como elemento de entrada Capitalism
Subdivisión general History
Subdivisión cronológica 21st century
9 (RLIN) 25673
700 ## - ENTRADA AGREGADA--NOMBRE PERSONAL
Nombre de persona Broder, David
Término indicativo de función/relación translator
9 (RLIN) 25674
942 ## - ELEMENTOS DE ENTRADA AGREGADA (KOHA)
Fuente del sistema de clasificación o colocación Clasificación de Library of Congress
Holdings
Estado de retiro Estado de pérdida Fuente del sistema de clasificación o colocación Estado dañado No para préstamo Biblioteca de origen Biblioteca actual Fecha de adquisición Total de préstamos Signatura topográfica completa Código de barras Fecha visto por última vez Número de copia Precio válido a partir de Tipo de ítem Koha
    Clasificación Decimal Dewey     TBS Barcelona TBS Barcelona 03/07/2025   HC79.I55 DUR B07584 03/07/2025 1 03/07/2025 Book

Powered by Koha